000 00392pam a2200121a 44500
008 230405s2005 xxu||||| |||| 00| 0 eng d
041 _aMAR
100 _aय ना कदम
245 _aविसाव्या शतकातील जगाचा इतिहास
260 _aकोल्हापूर
_bफडके प्रकाशन
_c2005
300 _a560
906 _a8842
999 _c299341
_d299341